Los miserables
保存先:
| 第一著者: | |
|---|---|
| フォーマット: | 図書 |
| 言語: | スペイン語 |
| 出版事項: |
Santiago
Ercilla
1985
|
| シリーズ: | Biblioteca Ercilla, 31-32
|
| 主題: | |
| タグ: |
タグ追加
タグなし, このレコードへの初めてのタグを付けませんか!
|
MARC
| LEADER | 00000nam a2200000 a 4500 | ||
|---|---|---|---|
| 001 | UCQ0726 | ||
| 003 | CL-VaPUC | ||
| 008 | 980703e19850000CL |||||||||||||||||spa|d | ||
| 082 | 0 | 4 | |a 843 |b HUG |2 21 |
| 100 | |a Hugo, Victor |e author |9 317284 | ||
| 245 | 1 | 4 | |a Los miserables |
| 300 | |a 2 v | ||
| 942 | |c BK | ||
| 945 | |d 19980703 00:00:00 |a lriquelm | ||
| 260 | |a Santiago |b Ercilla |c 1985 | ||
| 650 | 0 | |a Novela francesa |9 264985 | |
| 650 | 0 | |a Literatura francesa |9 266330 | |
| 583 | |a last modification |c 19980703 00:00:00 |k Rodrigo Vera | ||
| 490 | 0 | |a Biblioteca Ercilla, 31-32 | |
| 999 | |c 271763 |d 271761 | ||
| 952 | |0 0 |1 0 |4 0 |6 843_000000000000000_HUG_1985 |7 0 |8 A |9 306517 |a BIBEDU |b BIBEDU |d 2019-11-20 |h v.1 |i 1425420 |o 843 HUG 1985 |p 1425420 |r 2019-11-20 |w 2019-11-20 |y BK |k LIT | ||
| 952 | |0 0 |1 0 |4 0 |6 843_000000000000000_HUG_1985 |7 0 |8 A |9 306518 |a BIBEDU |b BIBEDU |d 2019-11-20 |h v.2 |i 1425471 |o 843 HUG 1985 |p 1425471 |r 2019-11-20 |w 2019-11-20 |y BK |k LIT | ||
| 952 | |0 0 |1 0 |4 0 |6 843_000000000000000_HUG_1985 |7 0 |8 A |9 306519 |a BIBEDU |b BIBEDU |d 2019-11-20 |h v.2 |i 1425528 |o 843 HUG 1985 |p 1425528 |r 2019-11-20 |w 2019-11-20 |y BK |k LIT | ||